000 00261nam a2200109Ia 4500
008 190216s9999||||xx |||||||||||||| ||und||
100 _aBarbara Cartland
245 0 _aPremathinde Manthrika Shakthi
260 _bRoyal Agency
650 _aMalayalam
942 _cBK
999 _c25680
_d25680